000 00477nam a2200133Ia 4500
008 170516s9999 xx 000 0 und d
245 4 _aThe evolving roles and controversies of radiotherapy in the treatment of glioblastoma (pages 114–123)
260 _bJournal of Medical Radiation Sciences
260 _c2016
300 _a63:2
650 _xRadiologic Technology
650 _xRadtech
856 _uhttp://onlinelibrary.wiley.com/doi/10.1111/jmrs.2016.63.issue-2/issuetoc
999 _c332885
_d332885